[Event "4NCL/Div2b/FCA1 vs. GUI3"]
[Site "Sunningdale ENG"]
[Date "2009.01.17"]
[Round "5.2"]
[White "Thompson, Ian D"]
[Black "Almond, Richard"]
[Result "0-1"]
[WhiteElo "2261"]
[BlackElo "2126"]
[PlyCount "176"]
[EventDate "2009.01.17"]
[SourceDate "2008.10.04"]

1. c4 c6 2. Nf3 d5 3. e3 Nf6 4. Nc3 e6 5. Qc2 Nbd7 6. b3 Bd6 7. d4 b6 8. Bd3
Bb7 9. O-O O-O 10. Bb2 Rc8 11. Rad1 Qe7 12. Qb1 h6 13. cxd5 Nxd5 14. Ne4 Bb8
15. Ne5 Rfd8 16. a3 f5 17. Ng3 c5 18. e4 Nf4 19. Bc4 fxe4 20. Nxd7 Rxd7 21.
dxc5 Rxc5 22. Bd4 Rc8 23. Be3 Bd5 24. Bb5 Rdd8 25. Qb2 Qf6 26. Bd4 Qg6 27. Ba6
Rc6 28. Be5 Bxe5 29. Qxe5 Qf6 30. Qxf6 gxf6 31. Nxe4 Rf8 32. f3 Bxb3 33. Rd7
Rf7 34. Rb1 Bd5 35. Rd8+ Kg7 36. Nf2 Rfc7 37. h4 Bc4 38. Bxc4 Rxc4 39. Rbd1 Nd5
40. Ne4 Rc2 41. Nd6 Kh7 42. Ne8 Rf7 43. Rd4 f5 44. g4 fxg4 45. Rxg4 Rc3 46. Nd6
Rg7 47. Rxg7+ Kxg7 48. Rd7+ Kg6 49. Rxa7 Rxf3 50. Ra4 Rf4 51. Rxf4 Nxf4 52. Kf2
Nd5 53. Kf3 Nf6 54. Kf4 Nd7 55. Ke4 Kh5 56. Nf7 Kxh4 57. Nxh6 Kg5 58. Nf7+ Kf6
59. Nd6 Ke7 60. Nc8+ Kd8 61. Nd6 Kc7 62. Nf7 Kc6 63. Ng5 Kd6 64. Nf7+ Ke7 65.
Ng5 Kf6 66. Nf3 Nc5+ 67. Kd4 Kf5 68. Nh4+ Kg5 69. Ng2 Nd7 70. Ke4 Kf6 71. Ne3
Ke7 72. Nc4 b5 73. Nb2 Kd6 74. Kd4 e5+ 75. Kc3 Nb6 76. Kb4 Kc6 77. Kc3 Na4+ 78.
Nxa4 bxa4 79. Kc4 Kd6 80. Kb4 Kd5 81. Kxa4 Kc4 82. Ka5 e4 83. a4 e3 84. Kb6 e2
85. a5 e1=Q 86. a6 Qe4 87. Kc7 Qa8 88. Kb6 Kb4 0-1

[Event "4NCL/Div2b/FCA1 vs. GUI3"]
[Site "Sunningdale ENG"]
[Date "2009.01.17"]
[Round "5.3"]
[White "Habershon, Paul"]
[Black "Tymrakiewicz, Rafal"]
[Result "0-1"]
[WhiteElo "2090"]
[BlackElo "2260"]
[PlyCount "56"]
[EventDate "2009.01.17"]
[SourceDate "2008.10.04"]

1. e4 Nf6 2. e5 Nd5 3. d4 d6 4. c4 Nb6 5. exd6 cxd6 6. Nc3 g6 7. Be3 Bg7 8. Rc1
O-O 9. b3 Bf5 10. Bd3 Bxd3 11. Qxd3 d5 12. c5 Nc8 13. b4 Nc6 14. b5 Nxd4 15.
Bxd4 e5 16. Be3 d4 17. Bd2 dxc3 18. Qxd8 Rxd8 19. Bxc3 Ne7 20. Ne2 Rac8 21. Bb4
Nd5 22. Ba3 Nc7 23. Nc3 e4 24. O-O Rd3 25. b6 Bxc3 26. bxc7 Rxc7 27. Rfd1 Bd2
28. Rc4 e3 0-1

[Event "4NCL/Div2b/FCA1 vs. GUI3"]
[Site "Sunningdale ENG"]
[Date "2009.01.17"]
[Round "5.4"]
[White "Sharpe, Ian"]
[Black "Majer, Chris E"]
[Result "1/2-1/2"]
[WhiteElo "2290"]
[BlackElo "2081"]
[PlyCount "82"]
[EventDate "2009.01.17"]
[SourceDate "2008.10.04"]

1. e4 c6 2. d3 d5 3. Nd2 e5 4. Ngf3 Bd6 5. g3 Nf6 6. Bg2 h6 7. O-O Be6 8. d4
dxe4 9. Nxe5 e3 10. fxe3 Bxe5 11. dxe5 Nd5 12. Ne4 O-O 13. Qd4 Nd7 14. Bd2 Qc7
15. c4 N5b6 16. Bb4 Bxc4 17. Bxf8 Rxf8 18. Rfd1 Qxe5 19. b3 Bd5 20. Qxe5 Nxe5
21. Nc3 Bxg2 22. Kxg2 Ng4 23. Rd3 Re8 24. Re1 Nf6 25. e4 Nbd5 26. Nxd5 Nxd5 27.
Rdd1 Nf6 28. Rd4 Kf8 29. Kf3 Ke7 30. Red1 Rc8 31. R4d2 Re8 32. Rd4 Rc8 33. g4
g5 34. Rd6 Rh8 35. R6d4 Rc8 36. h4 Rg8 37. h5 Rc8 38. Rd6 Rh8 39. R6d4 Rc8 40.
Ra4 Ra8 41. Rad4 Rc8 1/2-1/2

[Event "4NCL/Div2b/FCA1 vs. GUI3"]
[Site "Sunningdale ENG"]
[Date "2009.01.17"]
[Round "5.5"]
[White "Smith, Graham"]
[Black "Granat, Russell G"]
[Result "1-0"]
[WhiteElo "2103"]
[BlackElo "2257"]
[PlyCount "101"]
[EventDate "2009.01.17"]
[SourceDate "2008.10.04"]

1. e4 Nc6 2. d4 e5 3. d5 Nce7 4. c4 Nf6 5. Nc3 Ng6 6. Be3 Bb4 7. f3 Bxc3+ 8.
bxc3 d6 9. c5 O-O 10. Bc4 Nxe4 11. fxe4 Qh4+ 12. Kd2 Qxe4 13. Qe2 Bf5 14. Bb3
dxc5 15. Bxc5 Rfd8 16. Qxe4 Bxe4 17. Nf3 Bxd5 18. Kc2 c6 19. Rhd1 f6 20. Be3 b6
21. Rd2 Kf8 22. Rad1 Bxb3+ 23. axb3 Rxd2+ 24. Nxd2 Rd8 25. Ra1 Rd7 26. g4 Ke7
27. Ne4 Ke6 28. c4 Ne7 29. Rf1 Ng8 30. c5 b5 31. Ra1 Ne7 32. Ra6 Rc7 33. Nd6
Kd5 34. Ne8 Rd7 35. Nxg7 Ke4 36. Bd2 Kd4 37. Ne6+ Kd5 38. Nf8 Rc7 39. Nxh7 Ng8
40. Nf8 Rf7 41. Ng6 Rg7 42. Nh4 Rxg4 43. Nf5 Rg1 44. Rxa7 Ke4 45. Ng3+ Kf3 46.
Rg7 f5 47. Rxg8 f4 48. Rf8 Rg2 49. Nh5 Rxh2 50. Nxf4 Ke4 51. Nd3 1-0

[Event "4NCL/Div2b/FCA1 vs. GUI3"]
[Site "Sunningdale ENG"]
[Date "2009.01.17"]
[Round "5.6"]
[White "Anderton, Matthew N"]
[Black "Freeman, Richard C P"]
[Result "1-0"]
[WhiteElo "2238"]
[BlackElo "2066"]
[PlyCount "93"]
[EventDate "2009.01.17"]
[SourceDate "2008.10.04"]

1. e4 c5 2. c3 g6 3. d4 cxd4 4. cxd4 d5 5. e5 Nc6 6. Nc3 Bg7 7. Be3 Nh6 8. Bd3
O-O 9. Nf3 Ng4 10. Qe2 Nxe3 11. fxe3 e6 12. O-O f6 13. exf6 Bxf6 14. Rad1 Bd7
15. Kh1 Rc8 16. e4 Nb4 17. Bb1 Bc6 18. e5 Bg7 19. Qe3 Qe7 20. a3 Na6 21. Bd3
Nc7 22. h4 Be8 23. g3 Na8 24. Kg2 Nb6 25. Nd2 Nc4 26. Nxc4 dxc4 27. Be4 Bc6 28.
Bxc6 Rxc6 29. Rxf8+ Bxf8 30. Ne4 Bg7 31. Rf1 b5 32. h5 Rc7 33. hxg6 hxg6 34.
Nf6+ Bxf6 35. Rxf6 Kg7 36. Qe4 Qe8 37. g4 a5 38. g5 b4 39. axb4 axb4 40. Qh4
Qh8 41. Rxg6+ Kxg6 42. Qxh8 c3 43. Qf6+ Kh7 44. g6+ Kh6 45. g7+ Kh7 46. g8=B+
Kxg8 47. Qd8+ 1-0

[Event "4NCL/Div2b/FCA1 vs. GUI3"]
[Site "Sunningdale ENG"]
[Date "2009.01.17"]
[Round "5.7"]
[White "Williamson, Kevin J"]
[Black "Jackson, Adrian"]
[Result "1/2-1/2"]
[WhiteElo "2020"]
[BlackElo "2215"]
[PlyCount "48"]
[EventDate "2009.01.17"]
[SourceDate "2008.10.04"]

1. d4 Nf6 2. Nc3 d5 3. Bf4 e6 4. e3 Be7 5. Nf3 O-O 6. Be2 a6 7. Ne5 c5 8. Qd3
c4 9. Qd2 Bb4 10. Bf3 Nc6 11. h4 Nd7 12. Nxc6 bxc6 13. O-O-O Qa5 14. Kb1 Ra7
15. e4 Nb6 16. Qe3 dxe4 17. Bxe4 Nd5 18. Bxd5 cxd5 19. Qg3 Rb7 20. Ka1 f6 21.
Rhe1 Qb6 22. Na4 Qc6 23. Nc3 Qb6 24. Na4 Qc6 1/2-1/2

[Event "4NCL/Div2b/FCA1 vs. GUI3"]
[Site "Sunningdale ENG"]
[Date "2009.01.17"]
[Round "5.8"]
[White "Lalic, Peter"]
[Black "Evans, Helen"]
[Result "1-0"]
[WhiteElo "1905"]
[BlackElo "1745"]
[PlyCount "65"]
[EventDate "2009.01.17"]
[SourceDate "2008.10.04"]

1. d4 d6 2. Nf3 Bg4 3. Nc3 Nf6 4. Bg5 e6 5. e4 Be7 6. Bd3 Nbd7 7. Qd2 e5 8. Be3
exd4 9. Nxd4 Ne5 10. Bf1 Bd7 11. h3 a6 12. f4 Nc6 13. g4 b5 14. Bg2 b4 15. Nce2
Nxd4 16. Nxd4 c5 17. Nf5 Bxf5 18. exf5 d5 19. O-O-O Qa5 20. Kb1 Rd8 21. g5 Ne4
22. Bxe4 dxe4 23. Qg2 O-O 24. Qxe4 Bd6 25. Qc4 Rfe8 26. Bc1 Qb6 27. g6 hxg6 28.
fxg6 Rd7 29. Rd3 Ree7 30. Rhd1 Kf8 31. f5 f6 32. Qh4 Kg8 33. Qh7+ 1-0

[Event "4NCL/Div2b/KHE vs. CELT1"]
[Site "Sunningdale ENG"]
[Date "2009.01.17"]
[Round "5.1"]
[White "Kwiatkowski, Feliks J"]
[Black "Kemp, Peter D"]
[Result "1/2-1/2"]
[WhiteElo "2224"]
[BlackElo "2167"]
[PlyCount "73"]
[EventDate "2009.01.17"]
[SourceDate "2008.10.04"]

1. e4 e5 2. Nf3 Nc6 3. Bb5 a6 4. Ba4 Nf6 5. O-O b5 6. Bb3 Bc5 7. c3 d6 8. a4
Bg4 9. h3 Bh5 10. Re1 O-O 11. d3 Rb8 12. Nbd2 b4 13. Bc4 Qc8 14. Nf1 Na5 15.
Ba2 bxc3 16. bxc3 Bxf3 17. Qxf3 Nb3 18. Rb1 Nxc1 19. Rexc1 Qd7 20. Bb3 c6 21.
Ne3 Bxe3 22. Qxe3 a5 23. Bc4 Qc7 24. Qe1 Rxb1 25. Rxb1 Rb8 26. Qd1 Rb6 27. Rxb6
Qxb6 28. Qb3 Qxb3 29. Bxb3 Nd7 30. Kf1 Nc5 31. Bc2 Kf8 32. Ke2 Ke7 33. Ke3 g5
34. d4 Nd7 35. g3 f6 36. f4 Nf8 37. fxg5 1/2-1/2

[Event "4NCL/Div2b/KHE vs. CELT1"]
[Site "Sunningdale ENG"]
[Date "2009.01.17"]
[Round "5.2"]
[White "Mueller, Jan"]
[Black "McMichael, Richard"]
[Result "1/2-1/2"]
[WhiteElo "2100"]
[BlackElo "2285"]
[PlyCount "68"]
[EventDate "2009.01.17"]
[SourceDate "2008.10.04"]

1. d4 e6 2. c4 f5 3. g3 Nf6 4. Bg2 c6 5. Nc3 d5 6. Nf3 Bd6 7. O-O O-O 8. b3 Bd7
9. Na4 Qe7 10. Nb2 Be8 11. Nd3 Nbd7 12. Nfe5 Rd8 13. Qc2 Bh5 14. f3 Rc8 15. c5
Bb8 16. b4 Bg6 17. Bb2 Nxe5 18. dxe5 Nd7 19. Qd2 f4 20. gxf4 Bxd3 21. exd3 Rf7
22. d4 Nf8 23. Bh3 Qh4 24. Qg2 Re8 25. Bc1 Bc7 26. Qg3 Bd8 27. Qxh4 Bxh4 28. a4
Ng6 29. f5 exf5 30. f4 Nf8 31. Be3 Ne6 32. Ra3 Nc7 33. Rb1 a6 34. Bf1 g5
1/2-1/2

[Event "4NCL/Div2b/KHE vs. CELT1"]
[Site "Sunningdale ENG"]
[Date "2009.01.17"]
[Round "5.3"]
[White "Thomas, Richard H"]
[Black "Thomas, Robert K"]
[Result "1-0"]
[WhiteElo "2194"]
[BlackElo "2156"]
[PlyCount "69"]
[EventDate "2009.01.17"]
[SourceDate "2008.10.04"]

1. d4 e6 2. c4 d5 3. Nc3 c6 4. cxd5 exd5 5. Nf3 Bg4 6. Bf4 Bxf3 7. gxf3 Nd7 8.
e3 Ngf6 9. Bd3 Nh5 10. Bg3 g6 11. f4 Bg7 12. f5 Nxg3 13. hxg3 Qe7 14. fxg6 hxg6
15. Rxh8+ Bxh8 16. Qe2 O-O-O 17. O-O-O Qg5 18. Kb1 f5 19. Rh1 Nf6 20. Qc2 Kb8
21. Ne2 Ng4 22. Nf4 Re8 23. a3 Bg7 24. Rh7 Re7 25. Ne6 Rxe6 26. Rxg7 Qd8 27.
Bxf5 Nxe3 28. fxe3 gxf5 29. Qxf5 Qf6 30. Qf4+ Qxf4 31. exf4 Re4 32. f5 Rxd4 33.
f6 Rd1+ 34. Ka2 Rf1 35. f7 1-0

[Event "4NCL/Div2b/KHE vs. CELT1"]
[Site "Sunningdale ENG"]
[Date "2009.01.17"]
[Round "5.4"]
[White "French, Angus"]
[Black "Okike, David C"]
[Result "1-0"]
[WhiteElo "2115"]
[BlackElo "2211"]
[PlyCount "51"]
[EventDate "2009.01.17"]
[SourceDate "2008.10.04"]

1. e4 e6 2. d4 d5 3. Nc3 Nf6 4. e5 Nfd7 5. Qh5 g6 6. Qg4 c5 7. Nf3 Qb6 8. Bb5
cxd4 9. Nxd4 Bb4 10. Bh6 Nc6 11. Bxc6 bxc6 12. Nxe6 fxe6 13. Qxe6+ Kd8 14. O-O
Be7 15. Rfd1 Rb8 16. Qf7 Bb7 17. Ne2 Rf8 18. Bxf8 Nxf8 19. Nf4 Qxb2 20. c4 Bc5
21. Nd3 Qd4 22. Rab1 Be7 23. cxd5 Nd7 24. d6 Bxd6 25. exd6 Qh8 26. Nc5 1-0

[Event "4NCL/Div2b/KHE vs. CELT1"]
[Site "Sunningdale ENG"]
[Date "2009.01.17"]
[Round "5.5"]
[White "Ward, Julian T"]
[Black "Josse, Mark"]
[Result "1/2-1/2"]
[WhiteElo "2190"]
[BlackElo "2033"]
[PlyCount "80"]
[EventDate "2009.01.17"]
[SourceDate "2008.10.04"]

1. Nf3 c5 2. c4 Nc6 3. d4 cxd4 4. Nxd4 Qb6 5. Nc2 e6 6. Nc3 Nf6 7. e3 Be7 8.
Be2 O-O 9. O-O a6 10. b3 d5 11. cxd5 exd5 12. Bb2 Rd8 13. Rc1 Qa7 14. Nb1 Be6
15. Nd4 Nxd4 16. Bxd4 Qb8 17. Bb6 Rc8 18. f4 Qd6 19. Bd4 Ne4 20. Nd2 Rxc1 21.
Qxc1 Rc8 22. Nxe4 dxe4 23. Qa1 f6 24. Rc1 Rc6 25. h3 Qc7 26. Rxc6 Qxc6 27. Qb2
Qc7 28. g4 Bf8 29. Kf2 h5 30. Kg3 hxg4 31. hxg4 Qa5 32. Kf2 Qc7 33. Kg2 Qd7 34.
Kg3 Bd6 35. Qc2 Bd5 36. Bc4 Bxc4 37. Qxc4+ Kh7 38. Qc2 Qe6 39. Qh2+ Kg8 40. Qh5
Bb4 1/2-1/2

[Event "4NCL/Div2b/KHE vs. CELT1"]
[Site "Sunningdale ENG"]
[Date "2009.01.17"]
[Round "5.6"]
[White "Fathallah, Joe"]
[Black "Forbes, Cathy"]
[Result "1/2-1/2"]
[WhiteElo "1962"]
[BlackElo "2114"]
[PlyCount "104"]
[EventDate "2009.01.17"]
[SourceDate "2008.10.04"]

1. d4 d5 2. Nf3 c6 3. Bf4 Qb6 4. b3 Bf5 5. e3 e6 6. Bd3 Bg6 7. O-O Nf6 8. Ne5
Bxd3 9. Qxd3 Be7 10. Nd2 O-O 11. Bg5 Re8 12. f4 Nbd7 13. Rf3 Nxe5 14. fxe5 Ne4
15. Bxe7 Nxd2 16. Qxd2 Rxe7 17. Qf2 c5 18. Qh4 Rc7 19. Rh3 h6 20. c3 cxd4 21.
cxd4 Rac8 22. Rf1 Rc1 23. Rhf3 Rxf1+ 24. Rxf1 Qb4 25. Qh5 Rc7 26. Qh4 Qc3 27.
Qf2 Qd3 28. Qf3 Kh7 29. h3 a5 30. Kh2 Qd2 31. Rf2 Qe1 32. Rf1 Qh4 33. Rf2 h5
34. Qf4 Qxf4+ 35. exf4 Rc3 36. f5 exf5 37. Rxf5 Kg6 38. Rf2 Rd3 39. Rc2 Rxd4
40. Rc5 b6 41. Rc6+ Kf5 42. Rxb6 Rb4 43. Ra6 Rb5 44. Ra7 Ke6 45. Kg3 d4 46. Kf4
g5+ 47. Ke4 Rxe5+ 48. Kxd4 Rd5+ 49. Ke3 f5 50. g3 Ke5 51. Re7+ Kf6 52. Ra7 g4
1/2-1/2

[Event "4NCL/Div2b/KHE vs. CELT1"]
[Site "Sunningdale ENG"]
[Date "2009.01.17"]
[Round "5.7"]
[White "Stevenson, James A B"]
[Black "O'Grady, Gary"]
[Result "1-0"]
[WhiteElo "2087"]
[BlackElo "1926"]
[PlyCount "85"]
[EventDate "2009.01.17"]
[SourceDate "2008.10.04"]

1. Nf3 d5 2. c4 d4 3. e3 c5 4. exd4 cxd4 5. d3 Bg4 6. g3 Qd7 7. Bg2 Nc6 8. h3
Bf5 9. Qe2 Nb4 10. Ne5 Qe6 11. Bxb7 Rb8 12. Bg2 Qxe5 13. Qxe5 Nxd3+ 14. Kd1
Nxe5 15. Bf4 f6 16. b3 Rb6 17. c5 Rb5 18. Bxe5 fxe5 19. Bc6+ Bd7 20. Bxb5 Bxb5
21. Re1 Kf7 22. Rxe5 Kf6 23. f4 Nh6 24. Nd2 Bc6 25. g4 g5 26. Rxg5 e6 27. Re5
Nf7 28. g5+ Ke7 29. Re1 Bg7 30. f5 Nxg5 31. h4 Nh3 32. Rxe6+ Kd7 33. Rd6+ Kc7
34. f6 Bh6 35. Rxd4 Rg8 36. Kc2 Be8 37. Rf1 Bf7 38. Re1 Bf8 39. b4 Rg2 40. Re3
Ng1 41. Ra3 Bg6+ 42. Kb2 Nf3 43. Rxf3 1-0

[Event "4NCL/Div2b/KHE vs. CELT1"]
[Site "Sunningdale ENG"]
[Date "2009.01.17"]
[Round "5.8"]
[White "Owens, Megan"]
[Black "Haria, Ravi"]
[Result "1/2-1/2"]
[WhiteElo "1735"]
[BlackElo "1765"]
[PlyCount "87"]
[EventDate "2009.01.17"]
[SourceDate "2008.10.04"]

1. e4 e6 2. d4 d5 3. Nd2 Nf6 4. Bd3 dxe4 5. Nxe4 Nxe4 6. Bxe4 Nd7 7. Nf3 Nf6 8.
Bd3 Be7 9. O-O O-O 10. Qe2 c5 11. dxc5 Bxc5 12. Bg5 Be7 13. Rad1 Qc7 14. Rd2
Bd7 15. Rfd1 Bc6 16. Ne5 Rfd8 17. c3 Rac8 18. Nxc6 bxc6 19. Qf3 c5 20. Bc4 Rxd2
21. Rxd2 Ne4 22. Qxe4 Bxg5 23. Rd3 Rd8 24. h4 Bf6 25. h5 g6 26. hxg6 hxg6 27.
Rxd8+ Qxd8 28. g3 Qb6 29. Qf4 Kg7 30. Bb3 Qd8 31. Qa4 Qc7 32. Qc4 Qd6 33. Qe2
Qc7 34. Kg2 Qc6+ 35. Qf3 Qxf3+ 36. Kxf3 Bd8 37. Ke4 Kf6 38. Bd1 Bc7 39. f4 Ke7
40. g4 f5+ 41. gxf5 gxf5+ 42. Ke3 Kd6 43. Bf3 Bb6 44. c4 1/2-1/2

[Event "4NCL/Div2b/SWD2 vs. CHEDP"]
[Site "Sunningdale ENG"]
[Date "2009.01.17"]
[Round "5.1"]
[White "James, David J"]
[Black "Arkell, Keith"]
[Result "1/2-1/2"]
[WhiteElo "2123"]
[BlackElo "2510"]
[PlyCount "107"]
[EventDate "2009.01.17"]
[SourceDate "2008.10.04"]

1. Nf3 Nf6 2. c4 c5 3. Nc3 Nc6 4. d4 cxd4 5. Nxd4 g6 6. e4 d6 7. Be2 Nxd4 8.
Qxd4 Bg7 9. Be3 O-O 10. Qd2 Be6 11. O-O Qa5 12. Rac1 Rfc8 13. b3 a6 14. f3 b5
15. Nd5 Qxd2 16. Bxd2 Nxd5 17. cxd5 Bd4+ 18. Kh1 Bd7 19. Rxc8+ Rxc8 20. Rc1 Rc5
21. g4 e6 22. dxe6 fxe6 23. Kg2 Kf7 24. Bd3 e5 25. Rc2 Be6 26. Bb4 Rxc2+ 27.
Bxc2 Bc5 28. Bd2 b4 29. Kf1 a5 30. Ke2 h5 31. g5 Ke7 32. Be3 a4 33. Kd2 Kd7 34.
Ke2 Kc6 35. Kd2 a3 36. Ke2 h4 37. Kd2 Bf7 38. Ke2 Kc7 39. Kd2 Kd7 40. Ke2 Kc6
41. Kd2 Bxe3+ 42. Kxe3 Kc5 43. Bd1 Be6 44. Bc2 Bg8 45. Bd1 Bf7 46. Bc2 Be6 47.
Bb1 d5 48. exd5 Bxd5 49. Bc2 Be6 50. Bb1 Kd6 51. Bc2 Ke7 52. Bb1 h3 53. Bc2 Kd6
54. Bb1 1/2-1/2

[Event "4NCL/Div2b/SWD2 vs. CHEDP"]
[Site "Sunningdale ENG"]
[Date "2009.01.17"]
[Round "5.2"]
[White "Bellin, Robert"]
[Black "Roberts, David L"]
[Result "1-0"]
[WhiteElo "2389"]
[BlackElo "2117"]
[PlyCount "83"]
[EventDate "2009.01.17"]
[SourceDate "2008.10.04"]

1. Nf3 b6 2. e4 Bb7 3. e5 e6 4. d4 d5 5. Bb5+ c6 6. Ba4 Ba6 7. Nc3 Bb4 8. Bd2
Qc7 9. Ne2 Bxe2 10. Qxe2 Bxd2+ 11. Qxd2 Ne7 12. c3 Nd7 13. O-O h6 14. Rfe1 g5
15. Qe2 b5 16. Bc2 Nb6 17. a4 a6 18. axb5 axb5 19. Rxa8+ Nxa8 20. Ra1 Nb6 21.
Ne1 Qb7 22. Nd3 Nd7 23. f4 Rg8 24. fxg5 Rxg5 25. b4 Nf5 26. Qf2 Rg4 27. Rf1 Qa8
28. Ne1 Qa2 29. Bxf5 Qxf2+ 30. Rxf2 exf5 31. Rxf5 Ke7 32. Nd3 f6 33. exf6+ Nxf6
34. Re5+ Kf7 35. Nc5 Ne4 36. Nxe4 dxe4 37. g3 Kf6 38. Kf2 Rg8 39. Ke3 Ra8 40.
Kxe4 Ra2 41. h4 Rg2 42. Kf3 1-0

[Event "4NCL/Div2b/SWD2 vs. CHEDP"]
[Site "Sunningdale ENG"]
[Date "2009.01.17"]
[Round "5.3"]
[White "Morris, Gareth L"]
[Black "Wallace, Paul A"]
[Result "1-0"]
[WhiteElo "2146"]
[BlackElo "2253"]
[PlyCount "79"]
[EventDate "2009.01.17"]
[SourceDate "2008.10.04"]

1. Nc3 c5 2. Nf3 Nc6 3. d4 cxd4 4. Nxd4 g6 5. g3 Bg7 6. Nb3 Nf6 7. Bg2 O-O 8.
O-O d6 9. e4 Bg4 10. f3 Be6 11. Nd5 Bxd5 12. exd5 Ne5 13. Kh1 Nc4 14. f4 Nd7
15. c3 Re8 16. Qe2 Qc7 17. Rd1 a6 18. Nd4 Ncb6 19. Be3 Nf6 20. Nc2 Qc4 21. Qf3
Qc7 22. Bg1 Na4 23. Rab1 Rac8 24. Ne3 Nd7 25. Rd2 b5 26. Bh3 Rb8 27. Nc2 Nf6
28. Nb4 Ra8 29. Bg2 Nb6 30. Qd3 Nfd7 31. Re1 Nc5 32. Qb1 Nbd7 33. Rde2 Nb8 34.
Bxc5 dxc5 35. d6 Qxd6 36. Rd1 Qc7 37. Nd5 Qa7 38. Nxe7+ Kf8 39. Nxg6+ hxg6 40.
Rxe8+ 1-0

[Event "4NCL/Div2b/SWD2 vs. CHEDP"]
[Site "Sunningdale ENG"]
[Date "2009.01.17"]
[Round "5.4"]
[White "McKenna, Jason P"]
[Black "Jameson, David"]
[Result "1-0"]
[WhiteElo "2161"]
[BlackElo "2066"]
[PlyCount "59"]
[EventDate "2009.01.17"]
[SourceDate "2008.10.04"]

1. e4 c6 2. d4 d5 3. Nc3 dxe4 4. Nxe4 Bf5 5. Ng3 Bg6 6. h4 h6 7. Nf3 Nd7 8. h5
Bh7 9. Bd3 Bxd3 10. Qxd3 e6 11. Bd2 Ngf6 12. O-O-O Be7 13. Ne4 c5 14. dxc5 Nxe4
15. Qxe4 Qc7 16. Bf4 Nf6 17. Qa4+ Qc6 18. Qxc6+ bxc6 19. b4 a5 20. a3 axb4 21.
axb4 Ne4 22. Kb2 Nxf2 23. Ra1 Bf6+ 24. Be5 O-O-O 25. Rhf1 Ng4 26. Bxf6 gxf6 27.
Ra7 e5 28. Rfa1 e4 29. Nh4 Kb8 30. Ra8+ 1-0

[Event "4NCL/Div2b/SWD2 vs. CHEDP"]
[Site "Sunningdale ENG"]
[Date "2009.01.17"]
[Round "5.6"]
[White "Berglitz, Regina H"]
[Black "Miles, Richard"]
[Result "1/2-1/2"]
[WhiteElo "2083"]
[BlackElo "2050"]
[PlyCount "75"]
[EventDate "2009.01.17"]
[SourceDate "2008.10.04"]

1. e4 c5 2. c3 Nf6 3. e5 Nd5 4. d4 cxd4 5. cxd4 e6 6. Nf3 b6 7. a3 Bb7 8. Bd3
Be7 9. O-O O-O 10. Qe2 f5 11. exf6 gxf6 12. Bd2 Kh8 13. Nc3 Rg8 14. Rfe1 Bd6
15. Nxd5 Bxd5 16. Be4 Bxe4 17. Qxe4 Na6 18. d5 Nc5 19. Qh4 e5 20. Bc3 Rg6 21.
Rad1 Qf8 22. g3 Rh6 23. Qc4 a6 24. b4 b5 25. Qe2 Na4 26. Ra1 Rg6 27. Nh4 Rg5
28. Qd3 Nb6 29. Nf5 Nc4 30. Kh1 Rc8 31. Rec1 Rg8 32. Ne3 Nb6 33. Bb2 Rg6 34.
Rxc8 Qxc8 35. Rc1 Qf8 36. Qe4 Na4 37. Ba1 Nb6 38. Bb2 1/2-1/2

[Event "4NCL/Div2b/SWD2 vs. CHEDP"]
[Site "Sunningdale ENG"]
[Date "2009.01.17"]
[Round "5.7"]
[White "van Kemenade, Rudy"]
[Black "Gregory, Philip"]
[Result "0-1"]
[WhiteElo "2020"]
[BlackElo "2105"]
[PlyCount "66"]
[EventDate "2009.01.17"]
[SourceDate "2008.10.04"]

1. e4 e5 2. Nf3 Nc6 3. Bb5 a6 4. Ba4 Nf6 5. d3 b5 6. Bb3 Be7 7. O-O d6 8. c3
Na5 9. Bc2 c5 10. Nbd2 Nc6 11. Re1 O-O 12. Nf1 Qc7 13. h3 Be6 14. Ng5 Rad8 15.
f4 exf4 16. Bxf4 Qb6 17. Kh1 Bc8 18. Ng3 h6 19. Nf3 Rfe8 20. Qd2 Bf8 21. Rf1
Ne5 22. Nh4 d5 23. Rae1 dxe4 24. Nxe4 Nxe4 25. Rxe4 Nc6 26. Rxe8 Rxe8 27. Be3
Nd8 28. d4 Qe6 29. Rf3 Bb7 30. Rg3 Bd6 31. Qd3 Be4 32. Qxe4 Qxe4 33. Bxe4 Bxg3
0-1

[Event "4NCL/Div2b/SWD2 vs. CHEDP"]
[Site "Sunningdale ENG"]
[Date "2009.01.17"]
[Round "5.8"]
[White "Bennett, Patrick"]
[Black "Wilson, Julie"]
[Result "1-0"]
[WhiteElo "2078"]
[BlackElo "1916"]
[PlyCount "105"]
[EventDate "2009.01.17"]
[SourceDate "2008.10.04"]

1. Nf3 Nf6 2. b3 e6 3. Bb2 b6 4. e3 Bb7 5. Be2 d6 6. O-O Nbd7 7. c4 Be7 8. Nc3
O-O 9. Qc2 d5 10. Rac1 c5 11. d4 Rc8 12. Rfd1 Qe8 13. Ne5 cxd4 14. exd4 dxc4
15. bxc4 Nxe5 16. dxe5 Nd7 17. Nb5 Nc5 18. Nd6 Bxd6 19. exd6 Qd7 20. Qc3 f6 21.
Qh3 Rc6 22. Bd3 h6 23. Qg3 Rd8 24. Bxf6 Rxd6 25. Bh7+ Kxh7 26. Rxd6 gxf6 27.
Rxd7+ Rxd7 28. Qb8 Rg7 29. g3 Nd3 30. Rd1 Ne5 31. Rd8 Nf3+ 32. Kf1 Nxh2+ 33.
Ke2 Bf3+ 34. Kd2 Kg6 35. Rh8 Bc6 36. Qf4 Nf3+ 37. Kc3 Ng5 38. Rc8 e5 39. Qc1
Bb7 40. Rb8 Rd7 41. Qc2+ Be4 42. Qa4 Rd3+ 43. Kb4 a5+ 44. Kb5 Ne6 45. Kxb6 Rd6+
46. Kxa5 Nc7 47. Rb6 Rd8 48. Kb4 Rd2 49. f4 Rd4 50. Kc5 Kf5 51. fxe5 Kxe5 52.
Rxf6 Bd3 53. Rxh6 1-0

[Event "4NCL/Div2b/GUI3 vs. WES1"]
[Site "Sunningdale ENG"]
[Date "2009.01.18"]
[Round "6.1"]
[White "Povah, Nigel E"]
[Black "Lock, Gavin R"]
[Result "0-1"]
[WhiteElo "2324"]
[BlackElo "2243"]
[PlyCount "56"]
[EventDate "2009.01.18"]
[SourceDate "2008.10.04"]

1. d4 d5 2. Bg5 f6 3. Bf4 Nc6 4. Nf3 g5 5. Bg3 h5 6. h3 Nh6 7. e3 Nf5 8. Bh2
Bg7 9. c4 e6 10. Nc3 g4 11. cxd5 exd5 12. Nd2 g3 13. Bxg3 Nxg3 14. fxg3 Qd6 15.
Qf3 Be6 16. Nb3 O-O-O 17. Nc5 Bh6 18. Kf2 Rdg8 19. Nxe6 Qxe6 20. Nxd5 Rg5 21.
Nf4 Qd6 22. g4 Nxd4 23. exd4 Qxd4+ 24. Kg3 Re5 25. Ng6 Re3 26. Nxh8 Bf4+ 27.
Kh4 Rxf3 28. gxf3 Qe5 0-1

[Event "4NCL/Div2b/GUI3 vs. WES1"]
[Site "Sunningdale ENG"]
[Date "2009.01.18"]
[Round "6.2"]
[White "Simons, Martin J"]
[Black "Thompson, Ian D"]
[Result "1/2-1/2"]
[WhiteElo "2223"]
[BlackElo "2261"]
[PlyCount "67"]
[EventDate "2009.01.18"]
[SourceDate "2008.10.04"]

1. e4 e6 2. d3 d5 3. Nd2 Nf6 4. Ngf3 b6 5. c3 c5 6. Be2 Qc7 7. O-O Nc6 8. Re1
Be7 9. a3 O-O 10. b4 b5 11. Qc2 a5 12. bxc5 dxe4 13. Nxe4 Nxe4 14. dxe4 Na7 15.
Nd4 Bxc5 16. Nxb5 Bxf2+ 17. Kxf2 Nxb5 18. Bxb5 Qc5+ 19. Be3 Qxb5 20. c4 Qe5 21.
Kg1 Rb8 22. Qd3 Ba6 23. Bd4 Qg5 24. Re3 e5 25. Rg3 Qe7 26. Rxg7+ Kxg7 27. Qg3+
Kh8 28. Bxe5+ f6 29. Bxb8 Qxe4 30. Qd6 Rf7 31. Ba7 Bxc4 32. Bd4 Kg7 33. Qg3+
Qg6 34. Qxg6+ 1/2-1/2

[Event "4NCL/Div2b/GUI3 vs. WES1"]
[Site "Sunningdale ENG"]
[Date "2009.01.18"]
[Round "6.3"]
[White "Tymrakiewicz, Rafal"]
[Black "Kawuma, Moses"]
[Result "1-0"]
[WhiteElo "2260"]
[BlackElo "2224"]
[PlyCount "63"]
[EventDate "2009.01.18"]
[SourceDate "2008.10.04"]

1. Nf3 b6 2. e4 Bb7 3. Nc3 c5 4. g3 d6 5. d4 cxd4 6. Nxd4 Nf6 7. Bg2 e6 8. O-O
Qd7 9. f4 Be7 10. g4 d5 11. e5 Ne4 12. Nxe4 dxe4 13. Be3 Na6 14. Qe2 Nc7 15.
Rad1 Qc8 16. c4 h5 17. f5 hxg4 18. Qxg4 Rh7 19. f6 Bf8 20. Bxe4 Bxe4 21. Qxe4
g6 22. Nf5 Na6 23. Nd6+ Bxd6 24. Rxd6 Nc5 25. Qg2 Nd7 26. Bd4 Rb8 27. b3 Nxe5
28. Rd1 Rh5 29. Bxe5 Rxe5 30. Rc6 Qb7 31. Rdd6 Kf8 32. Qd2 1-0

[Event "4NCL/Div2b/GUI3 vs. WES1"]
[Site "Sunningdale ENG"]
[Date "2009.01.18"]
[Round "6.4"]
[White "Kawuma, Stephen"]
[Black "Sharpe, Ian"]
[Result "1-0"]
[WhiteElo "2166"]
[BlackElo "2290"]
[PlyCount "74"]
[EventDate "2009.01.18"]
[SourceDate "2008.10.04"]

1. e4 e6 2. d3 d5 3. Nd2 c5 4. g3 Nc6 5. Bg2 Nf6 6. Ngf3 Be7 7. O-O b6 8. Re1
Bb7 9. e5 Nd7 10. Nf1 Qc7 11. Qe2 O-O-O 12. b3 h6 13. c4 d4 14. a3 g5 15. h3
Rdg8 16. b4 cxb4 17. Bb2 bxa3 18. Bxd4 Nxd4 19. Nxd4 Bxg2 20. Kxg2 Qb7+ 21. Kh2
g4 22. h4 Rg5 23. f4 gxf3 24. Nxf3 Rf5 25. N1d2 Rg8 26. Reb1 Qc7 27. d4 Kd8 28.
c5 bxc5 29. Qe4 Nb6 30. Rxa3 cxd4 31. Rd3 Ke8 32. Rxd4 f6 33. Nc4 fxe5 34.
Ncxe5 Rxf3 35. Qxf3 Qxe5 36. Qc6+ Kf7 37. Rf4+ Bf6 1-0